Statistics for Квиз о Бразилу

Click here to take the quiz!

General Stats

  • This quiz has been taken 26 times
  • The average score is 14 of 21

Answer Stats

Опис Одговор % Correct
Главни градБразилија
100%
Рио де Жанеиро
100%
Званични језикПортугалски
100%
Једине јужноамеричке земље са којима се Бразил не граничиЧиле
96%
Најдужа рекаАмазон
88%
Највећи градовиСао Пауло
88%
Еквадор
85%
Роналдо
77%
Најбољи бразилски стрелци свих времена на светском првенствуПеле
77%
Копакабана
69%
Прослава која траје пет дана и одржава се пре почетка васкршњег постаКарневал
69%
Назив за бразилско дивље насељеФавела
65%
Жанр музике на горе описаној прославиСамба
54%
Најпознатији кипХрист Спаситељ
54%
Државна валутаРеал
54%
Слоган исписан на заставиРед и напредак
46%
Најпознатије плажеИпанема
42%
Водопади на граници са АргентиномИгуасу
31%
Надимак бившег председника СилвеЛула
23%
Највећа нафтна компанијаПетробрас
23%
Шта је забрањено 1888. године?Ропство
19%

Score Distribution

Percentile by Number Answered

Percent of People with Each Score

Your Score History

You have not taken this quiz